Piya Bin Nahi Aawat Chain Part 1 : (Record no. 43208)
[ view plain ]
| 000 -LEADER | |
|---|---|
| fixed length control field | 01030njm a22002177a 4500 |
| 005 - DATE AND TIME OF LATEST TRANSACTION | |
| control field | 20100831113251.0 |
| 006 - FIXED-LENGTH DATA ELEMENTS--ADDITIONAL MATERIAL CHARACTERISTICS--GENERAL INFORMATION | |
| fixed length control field | a|||||r|||||00| 0 |
| 007 - PHYSICAL DESCRIPTION FIXED FIELD--GENERAL INFORMATION | |
| fixed length control field | sd ammalaaahaa |
| 008 - FIXED-LENGTH DATA ELEMENTS--GENERAL INFORMATION | |
| fixed length control field | 100831t xxu||||| |||| 00| 0 hin d |
| 028 ## - PUBLISHER NUMBER | |
| Publisher number | BEX 258 |
| Source | Columbia |
| 035 ## - SYSTEM CONTROL NUMBER | |
| System control number | GR-58 |
| 040 ## - CATALOGING SOURCE | |
| Original cataloging agency | SED/VEN |
| 100 ## - MAIN ENTRY--PERSONAL NAME | |
| Personal name | Abdul Karim Khan |
| 9 (RLIN) | 17643 |
| 245 ## - TITLE STATEMENT | |
| Title | Piya Bin Nahi Aawat Chain Part 1 : |
| Remainder of title | (JhiJhitee Thumri Aadataal) / |
| Statement of responsibility, etc | By Abdul Karim Khan |
| 246 ## - VARYING FORM OF TITLE | |
| Title proper/short title | पिया बीन नाही आवत चैन (झिझिटी ठुमरी आदाताल) /अब्दुल करीम खान द्वारा |
| 300 ## - PHYSICAL DESCRIPTION | |
| Extent | 1 Sound Disc (Gramophone Record) |
| Other physical details | along, 33 1/3 rpm |
| Dimensions | 12 (Lp) |
| Type of unit | Gramophone Record |
| 500 ## - GENERAL NOTE | |
| General note | Brief Record |
| 505 ## - FORMATTED CONTENTS NOTE | |
| Formatted contents note | fagwa beej dekhanka basant khayal jald tritala (फगवा बीज देखनका बसंत ख्याल जलद त्रिताला) भाग २ |
| 942 ## - ADDED ENTRY ELEMENTS (KOHA) | |
| Source of classification or shelving scheme | Dewey Decimal Classification |
| Item type | Gramaphone Records |
| Withdrawn status | Lost status | Source of classification or shelving scheme | Damaged status | Not for loan | Home library | Current library | Date acquired | Source of acquisition | Total Checkouts | Barcode | Date last seen | Copy number | Price effective from | Koha item type |
|---|---|---|---|---|---|---|---|---|---|---|---|---|---|---|
| Dewey Decimal Classification | Not For Loan | Central Library | Central Library | 31/08/2010 | SED/Ven | GR-58 | 31/08/2010 | 1 | 31/08/2010 | Gramaphone Records |
